Jennifer Connelly Filmography - Statistics

General Stats
  • This quiz has been taken 71 times
    11 since last reset
  • The average score is 22 of 72
Answer Stats
Type Year Name % Correct
Film 2001 A Beautiful Mind
100%
Film 2006 Blood Diamond
71%
Film 1986 Labyrinth
71%
Film 2000 Requiem for a Dream
71%
Film 2019 Alita: Battle Angel
57%
Film 1991 Career Opportunities
57%
Film 1998 Dark City
57%
Film 2003 Hulk
57%
Film 1984 Once Upon a Time in America
57%
Film 1991 The Rocketeer
57%
Film 2022 Top Gun: Maverick
57%
Web Series 2024 Dark Matter
43%
Film 1997 Inventing the Abbotts
43%
Music Video 2014 Jennifer
43%
Film 1996 Mullholland Falls
43%
Film 2017 Only the Brave
43%
Film 1985 Phenomena
43%
Film 2000 Pollock
43%
TV Show 2020-2024 Snowpiercer
43%
Film 2017 Spider-Man: Homecoming
43%
Film 1990 The Hot Spot
43%
Film 2009 9
29%
Film 2014 Aloft
29%
Music Video 1987 Always with Me, Always with You
29%
Film 2016 American Pastoral
29%
Film 2023 Bad Behaviour
29%
Film 2009 Creation
29%
Film 2005 Dark Water
29%
TV Show 2015 El hormiguero
29%
Film 1989 Étoile
29%
Film 1996 Far Harbor
29%
Film 2009 He's Just Not That into You
29%
Film 1995 Higher Learning
29%
Film 2003 House of Sand and Fog
29%
Music Video 1992 I Drove All Night
29%
Film 2008 Inkheart
29%
Documentary 2024 Jim Henson: Idea Man
29%
Film 2006 Little Children
29%
Film 2014 Noah
29%
Film 1994 Of Love and Shadows
29%
Film 2007 Reservation Road
29%
Film 2011 Salvation Boulevard
29%
Film 1985 Seven Minutes in Heaven
29%
Film 2014 Shelter
29%
Film 1988 Some Girls
29%
Film 2012 Stuck in Love
29%
TV Show 1982 Tales of the Unexpected
29%
Film 2008 The Day the Earth Stood Still
29%
Film 2011 The Dilemma
29%
TV Film 1992 The Heart of Justice
29%
TV Show 2000-2001 The $treet
29%
Music Video 1983 Union of the Snake
29%
Short Film 2007 Vanity Fair: Killers Kill, Dead Men Die
29%
Film 2010 Virginia
29%
Film 2000 Waking the Dead
29%
Film 2014 Winter's Tale
29%
TV Show 2008 American Idol
14%
Concert Film 1984 As the Lights Go Down
14%
TV Special 2005 Live 8
14%
TV Film 1995 Out There
14%
TV Show 2005 Total Request Live
14%
Documentary 1985 Dario Argento's World of Horror
0%
Music Video 1984 Forever Young
0%
TV Documentary 1986 Inside the Labyrinth
0%
Commercial 1987 Perky Jean Club Card
0%
TV Special 1999 Saturday Night Live 25
0%
TV Show 1986 Saturday SuperStore
0%
Music Video 1982 Space Age Love Song
0%
TV Special 1991 The Best of Disney: 50 Years of Magic
0%
Audiobook 2012 The Sheltering Sky
0%
Documentary 2013 The Trials of Muhammad Ali
0%
TV Show 2003 Yo Awesome Awesome!
0%
No matching quizzes found
Score Distribution
Percent of People with Each Score
Percentile by Number Answered
Your Score History
You have not taken this quiz since the last reset